| 000 | nam a22 a 4500 | ||
|---|---|---|---|
| 999 |
_c200447 _d200447 |
||
| 003 | BLK | ||
| 005 | 20220614081501.0 | ||
| 008 | 180411b bul|||||r ||||||| ||bul|| | ||
| 010 | _aKNG00209867000 | ||
| 040 | _aBLK | ||
| 041 |
_aBUL _cBUL |
||
| 080 |
_aХранителни продукти. Приготвяне на храната _b641 _x(02) _z641(02) |
||
| 100 | 1 |
_aЦолова, Маргарита _eпърви автор _9349075 |
|
| 139 |
_aЦолова, Маргарита и др. _bЦ 77 |
||
| 245 | 1 | 0 |
_aИзползване на зеленчуците в българската кухня _bПракт. ръководство _cМаргарита Цолова; съавт. Вера Стоилова |
| 257 | _aBGR | ||
| 260 |
_bЗемиздат _c1967 _aСофия |
||
| 300 |
_a280 с. _bс ил. _c21 см |
||
| 380 | _a62 | ||
| 650 | 4 |
_aГотварство - рецепти _9241856 |
|
| 650 | 4 |
_aЗеленчуци - готварски рецепти _9260568 |
|
| 653 | _aготварство | ||
| 653 | _aзеленчуци | ||
| 653 | _aбългарска кухня | ||
| 700 | 1 |
_aСтоилова, Вера _eсъавт. _9349076 |
|
| 852 |
_aЦб 43035 _bЦб |
||
| 856 | 4 | _qpdf | |
| 856 | 4 | _qpdf | |
| 942 |
_cKNG _n0 _02 _s1 |
||
| 944 |
_aCR _c08.02.2018 _kСимона_Петрова |
||
| 944 |
_aED _c08.02.2018 _kСимона_Петрова |
||
| 999 | _d200447 | ||